<?xml version="1.0" encoding="UTF-8"?><?xml-stylesheet type="text/xsl" href="static/style.xsl"?><OAI-PMH xmlns="http://www.openarchives.org/OAI/2.0/" xmlns:xsi="http://www.w3.org/2001/XMLSchema-instance" xsi:schemaLocation="http://www.openarchives.org/OAI/2.0/ http://www.openarchives.org/OAI/2.0/OAI-PMH.xsd"><responseDate>2026-04-14T16:37:46Z</responseDate><request verb="GetRecord" identifier="oai:uvadoc.uva.es:10324/57775" metadataPrefix="marc">https://uvadoc.uva.es/oai/request</request><GetRecord><record><header><identifier>oai:uvadoc.uva.es:10324/57775</identifier><datestamp>2022-12-14T20:03:46Z</datestamp><setSpec>com_10324_38</setSpec><setSpec>col_10324_852</setSpec></header><metadata><record xmlns="http://www.loc.gov/MARC21/slim" xmlns:doc="http://www.lyncode.com/xoai" xmlns:xsi="http://www.w3.org/2001/XMLSchema-instance" xmlns:dcterms="http://purl.org/dc/terms/" xsi:schemaLocation="http://www.loc.gov/MARC21/slim http://www.loc.gov/standards/marcxml/schema/MARC21slim.xsd">
<leader>00925njm 22002777a 4500</leader>
<datafield tag="042" ind1=" " ind2=" ">
<subfield code="a">dc</subfield>
</datafield>
<datafield tag="720" ind1=" " ind2=" ">
<subfield code="a">Antón Corredor, Daniel</subfield>
<subfield code="e">author</subfield>
</datafield>
<datafield tag="260" ind1=" " ind2=" ">
<subfield code="c">2022</subfield>
</datafield>
<datafield tag="520" ind1=" " ind2=" ">
<subfield code="a">Este trabajo de fin de grado va destinado a hablar de la gamificación y de todas sus posibilidades que podemos aplicar tanto en el aula de Educación Primaria como en estudios posteriores. En la parte inicial se investiga sobre lo importante que es conseguir motivar al alumnado para lograr un rendimiento mucho mayor y de esta forma adquirir también un aprendizaje mucho más eficaz. Para ello he realizado encuestas a estudiantes de magisterio para que nos puedan exponer su visión de la educación actual, y a partir de una dinámica de gamificación puesta en práctica durante el periodo de prácticas en el aula. En esa parte se explican los procesos y dinámicas que hemos puesto en marcha.</subfield>
</datafield>
<datafield tag="024" ind2=" " ind1="8">
<subfield code="a">https://uvadoc.uva.es/handle/10324/57775</subfield>
</datafield>
<datafield tag="245" ind1="0" ind2="0">
<subfield code="a">La gamificación como elemento motivador</subfield>
</datafield>
</record></metadata></record></GetRecord></OAI-PMH>